01399nam a2200337 a 4500001001000000003000900010005001700019007001000036008003300046020001800079040002200097082003000119100002800149245009700177260003200274300002700306490002700333500006300360590002600423650003500449650003500484700002600519910004000545942001200585952013500597952013000732952014700862956001901009956001801028999001501046000044269DO-SdBNP20240416102130.0000044269140612s2013 dr a 000 0 spa d a9789945174946 aBPMSUbspacBPMSU 4aRD863.44bD611Ll 20132221 aDisla, Reynaldo,d1956-13aLa llama resistente del cuaderno azul /cReynaldo Disla ; ilustraciones Markus Edjical Goth  aSanto Domingo :bSM,c2013. a63 p. :bil. ;c19 cm.0 aEl barco de vapor,v15 aIncluye datos biográficos del autor en la contracubierta 6Inventariado, 2023/VM 4aCuentos juveniles dominicanos  4aLiteratura juvenil dominicana 1 a Edjical Goth, Markus aVMateo V. Control de calidad. BPMSU 2ddccBK 00102ddc40708CJ-DaBPMETbBPMETd2015-04-13e oBPMSU CJD RD863.44 D611Ll 2013pBPMSU15041240r2015-04-13te.2w2015-04-13yBK 00102ddc40708CJ-DaBPMETbBPMETd2015-04-13i oBPMSU CJD RD863.44 D611Ll 2013pBPMSU15040436r2015-04-13w2015-04-13yBK 00102ddc40708CJ-DaBPMETbBPMETd2015-04-13eDonaciónl0oBPMSU CJD RD863.44 D611Ll 2013pBPMSU15041241r2015-04-13te.3w2015-04-13yBK a b c l h  a b c l h  c7620d7620